Fußball EM 2024 - Alle Teilnehmer - Statistiken

Allgemein
  • Dieses Quiz wurde 1.500 mal gespielt
    1.237 seit der letzten Aktualisierung
  • Das Durchschnittsergebnis liegt bei 16 aus 24
Antwortstatistiken
Nation % Korrekt
Deutschland
98%
Spanien
93%
Frankreich
88%
Schweiz
85%
England
81%
Italien
80%
Portugal
80%
Österreich
78%
Niederlande
72%
Schottland
70%
Belgien
67%
Dänemark
65%
Polen
63%
Ungarn
61%
Türkei
60%
Kroatien
59%
Albanien
55%
Ukraine
52%
Serbien
49%
Slowakei
47%
Slowenien
47%
Tschechien
47%
Georgien
45%
Rumänien
36%
Keine übereinstimmenden Quizze gefunden
Verteilung der Resultate
Anzahl Personen mit jedem Resultat
Perzentil nach korrekt beantworteten Fragen
Ihre Resultats-Entwicklung
Sie haben dieses Quiz seit der letzten Aktualisierung nicht gespielt